[Event "IECG TE.2006.S.02103 email"]
[Site "IECG email"]
[Date "2007.??.??"]
[Round "?"]
[White "Kirilloff, Victor"]
[Black "Niewold, Jaap"]
[Result "1-0"]
[WhiteElo "1685"]
[BlackElo "1685"]
[PlyCount "85"]
[EventDate "2007.12.10"]
[EventType "tourn (corr)"]
[EventRounds "12"]
[SourceTitle "Corr 2024"]
[Source "ChessBase"]
[SourceDate "2023.10.19"]
[SourceVersion "1"]
[SourceVersionDate "2023.10.19"]
[SourceQuality "1"]

1. e4 c5 2. f4 Nc6 3. Nf3 g6 4. Bb5 Bg7 5. Bxc6 bxc6 6. d3 d6 7. 0-0 Nf6 8. Qe1 0-0 9. Qh4 Rb8 10. Nc3 Ba6 11. Rb1 Nd7 12. Be3 e6 13. Qxd8 Rfxd8 14. f5 exf5 15. exf5 Nf6 16. fxg6 fxg6 17. b3 Ng4 18. Bd2 Re8 19. Rbe1 Rxe1 20. Rxe1 Ne5 21. Ne4 Nxf3+ 22. gxf3 Bd4+ 23. Kg2 d5 24. Ng5 c4 25. dxc4 dxc4 26. Re6 cxb3 27. axb3 Bb7 28. Re7 Bf6 29. Rc7 Bd8 30. Rd7 Bxg5 31. Bxg5 Bc8 32. Rxa7 Bf5 33. Ra2 Kf7 34. Kf2 Rb7 35. Ke3 Rd7 36. b4 Ke6 37. Ra6 Kd5 38. c3 Rd6 39. Bf4 Re6+ 40. Kd2 Kc4 41. Ra5 Rf6 42. Rc5+ Kb3 43. b5 1-0

[Event "IECG TE.2006.P.02119 email"]
[Site "IECG email"]
[Date "2006.03.17"]
[Round "1"]
[White "Kirilloff, Victor"]
[Black "Medvedev, Mikhail An"]
[Result "1-0"]
[WhiteElo "1148"]
[BlackElo "1500"]
[PlyCount "25"]
[EventDate "2006.03.17"]
[EventType "tourn (corr)"]
[EventRounds "12"]
[SourceTitle "Corr 2024"]
[Source "ChessBase"]
[SourceDate "2023.10.19"]
[SourceVersion "1"]
[SourceVersionDate "2023.10.19"]
[SourceQuality "1"]

1. e4 c5 2. f4 d5 3. Nc3 dxe4 4. Nxe4 e6 5. Nf3 Nc6 6. Bb5 Bd7 7. 0-0 Nf6 8. Nxf6+ gxf6 9. b3 Qc7 10. Bb2 Be7 11. f5 0-0-0 12. Bc4 Na5 13. Bd3 1-0

[Event "IECG TE.2006.P.02119 email"]
[Site "IECG email"]
[Date "2006.03.17"]
[Round "1"]
[White "Kirilloff, Victor"]
[Black "Perez, Giorgio"]
[Result "1-0"]
[WhiteElo "1148"]
[BlackElo "1807"]
[PlyCount "69"]
[EventDate "2006.03.17"]
[EventType "tourn (corr)"]
[EventRounds "12"]
[SourceTitle "Corr 2024"]
[Source "ChessBase"]
[SourceDate "2023.10.19"]
[SourceVersion "1"]
[SourceVersionDate "2023.10.19"]
[SourceQuality "1"]

1. e4 c5 2. f4 d5 3. exd5 Nf6 4. Bb5+ Bd7 5. Bxd7+ Qxd7 6. c4 e6 7. Qe2 Bd6 8. g3 0-0 9. dxe6 fxe6 10. Nf3 Nc6 11. 0-0 Rae8 12. Nc3 e5 13. f5 Nd4 14. Qg2 Nxf5 15. Ng5 Bb8 16. b3 h6 17. Nh3 e4 18. Bb2 Be5 19. Rae1 Bd4+ 20. Kh1 e3 21. Bc1 exd2 22. Bxd2 Nd6 23. Nd5 Nxd5 24. Qxd5+ Kh8 25. Rxf8+ Rxf8 26. Re6 Rf1+ 27. Kg2 Qf7 28. Rxd6 Rf2+ 29. Nxf2 Qxf2+ 30. Kh3 Qf1+ 31. Kh4 g5+ 32. Kh5 Qe2+ 33. g4 Qxd2 34. Rd8+ Kg7 35. Qd7+ 1-0

[Event "IECG TE.2006.P.02119 email"]
[Site "IECG email"]
[Date "2006.03.17"]
[Round "1"]
[White "Medvedev, Mikhail An"]
[Black "Kirilloff, Victor"]
[Result "0-1"]
[WhiteElo "1500"]
[BlackElo "1148"]
[PlyCount "26"]
[EventDate "2006.03.17"]
[EventType "tourn (corr)"]
[EventRounds "12"]
[SourceTitle "Corr 2024"]
[Source "ChessBase"]
[SourceDate "2023.10.19"]
[SourceVersion "1"]
[SourceVersionDate "2023.10.19"]
[SourceQuality "1"]

1. e4 c5 2. f4 Nf6 3. Nc3 d5 4. e5 d4 5. exf6 dxc3 6. fxg7 cxd2+ 7. Qxd2 Qxd2+ 8. Bxd2 Bxg7 9. 0-0-0 Bf5 10. Bb5+ Bd7 11. Bc4 Bc6 12. Nf3 Nd7 13. Rhe1 Bxf3 0-1

[Event "CFriend SL-2005-0-00029 email"]
[Site "Chessfriend.com"]
[Date "2005.03.11"]
[Round "1"]
[White "Stadler, Pavel"]
[Black "Kirilloff, Victor"]
[Result "1-0"]
[WhiteElo "1629"]
[BlackElo "1148"]
[PlyCount "119"]
[EventDate "2005.03.11"]
[EventType "tourn (corr)"]
[EventRounds "6"]
[SourceTitle "Corr 2008"]
[Source "ChessBase"]
[SourceDate "2008.06.24"]
[SourceVersion "1"]
[SourceVersionDate "2008.06.24"]
[SourceQuality "1"]

1. e4 e6 2. d4 d5 3. Nd2 c5 4. exd5 exd5 5. Ngf3 Nc6 6. Bb5 Bd6 7. dxc5 Bxc5 8. 0-0 Nge7 9. Nb3 Bd6 10. Re1 0-0 11. Bg5 f6 12. Bh4 Bg4 13. Bg3 Bxg3 14. hxg3 Ne5 15. Be2 Bxf3 16. Bxf3 Rc8 17. Bg4 Nxg4 18. Qxg4 Ng6 19. Qe6+ Rf7 20. c3 Rc6 21. Qf5 Re7 22. Nd4 Rb6 23. b3 Re5 24. Qf3 Qe7 25. Rxe5 fxe5 26. Qxd5+ Qf7 27. Qd8+ Qf8 28. Qxf8+ Kxf8 29. Nf3 Rc6 30. c4 Ke7 31. Re1 Kf6 32. Nd2 Ra6 33. Ne4+ Kf5 34. a4 Rb6 35. Re3 Ne7 36. a5 Rc6 37. g4+ Kxg4 38. Rg3+ Kf4 39. Nc3 Rg6 40. Rf3+ Kg4 41. Rf7 Nc6 42. b4 Nxb4 43. Rxb7 Nc6 44. a6 Kf5 45. Rf7+ Ke6 46. Rc7 Kf5 47. f3 Nd4 48. Rxa7 Nxf3+ 49. Kf2 Ng5 50. Ke3 Rc6 51. Nb5 Kg6 52. Ra8 Ne6 53. a7 Nc7 54. Rb8 Ra6 55. Rb7 Na8 56. Ke4 Ra4 57. Kxe5 Ra5 58. Kd6 Ra6+ 59. Kd7 h5 60. Rb8 1-0

[Event "CFriend SL-2004-0-00026 email"]
[Site "Chessfriend.com"]
[Date "2004.12.15"]
[Round "1"]
[White "Caridi, Nicolo"]
[Black "Kirilloff, Victor"]
[Result "0-1"]
[WhiteElo "1378"]
[BlackElo "1148"]
[PlyCount "38"]
[EventDate "2004.??.??"]
[EventType "tourn (corr)"]
[EventRounds "6"]
[SourceTitle "Corr 2008"]
[Source "ChessBase"]
[SourceDate "2008.06.24"]
[SourceVersion "1"]
[SourceVersionDate "2008.06.24"]
[SourceQuality "1"]

1. d4 d5 2. c4 c6 3. Nf3 Nf6 4. Nc3 e6 5. e3 Nbd7 6. Qc2 a6 7. b3 dxc4 8. bxc4 c5 9. Bb2 Qc7 10. Be2 Bd6 11. 0-0 0-0 12. Rad1 cxd4 13. exd4 b6 14. Bd3 Bb7 15. d5 Ne5 16. Nxe5 Bxe5 17. h3 Rac8 18. Ne4 Nxd5 19. cxd5 Qxc2 0-1

[Event "CFriend SL-2004-0-00026 email"]
[Site "Chessfriend.com"]
[Date "2004.12.15"]
[Round "1"]
[White "Kirilloff, Victor"]
[Black "McNally, Tony"]
[Result "0-1"]
[WhiteElo "1148"]
[BlackElo "1104"]
[PlyCount "102"]
[EventDate "2004.??.??"]
[EventType "tourn (corr)"]
[EventRounds "6"]
[SourceTitle "Corr 2008"]
[Source "ChessBase"]
[SourceDate "2008.06.24"]
[SourceVersion "1"]
[SourceVersionDate "2008.06.24"]
[SourceQuality "1"]

1. e4 c5 2. Nf3 d6 3. d4 cxd4 4. Nxd4 Nf6 5. Nc3 g6 6. Be3 Bg7 7. f3 0-0 8. Qd2 Nc6 9. Bc4 Bd7 10. 0-0-0 Qa5 11. h4 Rfc8 12. Bb3 Ne5 13. g4 Nc4 14. Bxc4 Rxc4 15. h5 Rxc3 16. Qxc3 Qxa2 17. hxg6 hxg6 18. Bh6 Bh8 19. Qe3 Qa1+ 20. Kd2 Qxb2 21. Ke2 Nxg4 22. fxg4 Bxg4+ 23. Nf3 Qxc2+ 24. Rd2 Qc4+ 25. Qd3 Rc8 26. Ke3 Qc5+ 27. Ke2 b5 28. Qe3 Qxe3+ 29. Bxe3 a5 30. Kf2 a4 31. Bd4 Bxd4+ 32. Nxd4 b4 33. Ra1 a3 34. Rg1 Bd7 35. Rc2 Rc5 36. Rgc1 Ba4 37. Rxc5 dxc5 38. Rxc5 a2 39. Rc1 e5 40. Ne2 b3 41. Nc3 b2 42. Nxa2 bxc1Q 43. Nxc1 Bc2 44. Ke3 f5 45. exf5 gxf5 46. Ne2 Kf7 47. Kd2 Ba4 48. Nc3 Bc6 49. Ke3 f4+ 50. Kf2 e4 51. Ke2 Kf6 0-1

[Event "CFriend SL-2004-0-00026 email"]
[Site "Chessfriend.com"]
[Date "2004.12.15"]
[Round "1"]
[White "Kirilloff, Victor"]
[Black "Smoller, Volkmar"]
[Result "1-0"]
[WhiteElo "1148"]
[BlackElo "910"]
[PlyCount "83"]
[EventDate "2004.??.??"]
[EventType "tourn (corr)"]
[EventRounds "6"]
[SourceTitle "Corr 2008"]
[Source "ChessBase"]
[SourceDate "2008.06.24"]
[SourceVersion "1"]
[SourceVersionDate "2008.06.24"]
[SourceQuality "1"]

1. e4 e5 2. Nf3 Nc6 3. Bb5 a6 4. Ba4 Nf6 5. 0-0 Nxe4 6. Re1 Nc5 7. Bxc6 dxc6 8. d4 Bg4 9. dxc5 Qxd1 10. Rxd1 Bxf3 11. gxf3 Bxc5 12. Nc3 Bd4 13. Ne2 0-0-0 14. Nxd4 exd4 15. Bf4 Rhg8 16. Re1 g5 17. Bd2 f5 18. Re5 f4 19. Rae1 h6 20. Kf1 d3 21. cxd3 Rxd3 22. Bc3 Rxf3 23. Re7 Rd3 24. Rh7 f3 25. Rxh6 Rd7 26. h4 gxh4 27. Rxh4 Rf8 28. Rh3 c5 29. Re3 Rd1+ 30. Be1 Rb1 31. b3 Ra1 32. Rhxf3 Rxf3 33. Rxf3 Rxa2 34. Rd3 Rc2 35. Rc3 Rxc3 36. Bxc3 Kd7 37. Ke2 Ke6 38. Kd3 Kd5 39. f4 b5 40. f5 c6 41. f6 Ke6 42. Be5 1-0

[Event "CFriend SL-2004-0-00026 email"]
[Site "Chessfriend.com"]
[Date "2004.12.15"]
[Round "1"]
[White "Montarolo, Luca"]
[Black "Kirilloff, Victor"]
[Result "0-1"]
[WhiteElo "590"]
[BlackElo "1148"]
[PlyCount "55"]
[EventDate "2004.??.??"]
[EventType "tourn (corr)"]
[EventRounds "6"]
[SourceTitle "Corr 2008"]
[Source "ChessBase"]
[SourceDate "2008.06.24"]
[SourceVersion "1"]
[SourceVersionDate "2008.06.24"]
[SourceQuality "1"]

1. e4 e5 2. Nf3 Nf6 3. Nc3 Nc6 4. Bb5 Bb4 5. Bxc6 dxc6 6. Nxe5 Qe7 7. Nd3 Bxc3 8. dxc3 Qxe4+ 9. Qe2 Qxe2+ 10. Kxe2 0-0 11. Bg5 Re8+ 12. Kd2 Ne4+ 13. Kc1 Nxg5 14. f4 Ne4 15. Re1 Bf5 16. c4 Nd6 17. Rxe8+ Rxe8 18. c5 Bxd3 19. cxd6 cxd6 20. cxd3 Re1+ 21. Kc2 Rxa1 22. Kb3 Rg1 23. g3 Rg2 24. h4 Rxg3 25. f5 Rxd3+ 26. Kc2 Rf3 27. f6 Rxf6 28. Kc3 0-1

[Event "IECG CP.2004.P.00021 email"]
[Site "IECG email"]
[Date "2004.10.01"]
[Round "?"]
[White "Korchut, Adam"]
[Black "Kirilloff, Victor"]
[Result "1/2-1/2"]
[WhiteElo "2065"]
[BlackElo "988"]
[PlyCount "112"]
[EventDate "2004.10.01"]
[EventType "tourn (corr)"]
[EventRounds "6"]
[SourceTitle "Corr 2011"]
[Source "ChessBase"]
[SourceDate "2010.08.31"]
[SourceVersion "1"]
[SourceVersionDate "2010.08.31"]
[SourceQuality "1"]

1. e4 e6 2. d4 d5 3. Nc3 Nf6 4. Bg5 Bb4 5. e5 h6 6. Bd2 Bxc3 7. bxc3 Ne4 8. Qg4 g6 9. Bd3 Nxd2 10. Kxd2 c5 11. h4 Nc6 12. Rh3 h5 13. Qf4 cxd4 14. cxd4 Qa5+ 15. Kd1 Qc3 16. Rb1 Qxd4 17. Qxd4 Nxd4 18. c3 Nc6 19. Re3 0-0 20. Nf3 b6 21. Nd4 Bb7 22. Kd2 Rac8 23. f3 Na5 24. Rb4 Rc5 25. Re1 Rfc8 26. Nb5 Nc4+ 27. Bxc4 dxc4 28. Re2 Kf8 29. Kc1 Ba6 30. Nd6 R8c6 31. f4 Ke7 32. Ra4 b5 33. Ra5 Rd5 34. Ne4 b4 35. Rxd5 exd5 36. Nf6 Ke6 37. Rd2 b3 38. Rxd5 Bb7 39. axb3 cxb3 40. Rd7 Rb6 41. Kb2 a5 42. g3 a4 43. Rd1 Bc6 44. Rd2 Rb7 45. Ka3 Kf5 46. Rb2 Bb5 47. Rd2 Rc7 48. Rd5 Bc4 49. Ra5 Rb7 50. Kb2 Bb5 51. c4 Bc6 52. Ra6 Rc7 53. Rb6 Ra7 54. Ka3 Bf3 55. Rd6 Rb7 56. Rd2 Bc6 1/2-1/2

[Event "IECG TE.2004.P.01507"]
[Site "IECG email"]
[Date "2004.06.17"]
[Round "?"]
[White "Geiger, Walter"]
[Black "Kirilloff, Victor"]
[Result "1-0"]
[WhiteElo "2062"]
[BlackElo "954"]
[PlyCount "117"]
[EventDate "2004.06.17"]
[EventType "tourn (corr)"]
[EventRounds "8"]
[SourceTitle "Corr 2008"]
[Source "ChessBase"]
[SourceDate "2008.06.24"]
[SourceVersion "1"]
[SourceVersionDate "2008.06.24"]
[SourceQuality "1"]

1. e4 e6 2. d4 d5 3. Nc3 Nf6 4. Bg5 Bb4 5. e5 h6 6. Bd2 Bxc3 7. bxc3 Ne4 8. Qg4 g6 9. Bc1 Nc6 10. Ne2 h5 11. Qf4 f6 12. f3 fxe5 13. dxe5 Nc5 14. Nd4 Bd7 15. Be2 Qe7 16. 0-0 0-0-0 17. Qe3 Na4 18. Nxc6 Bxc6 19. Qxa7 Nxc3 20. Bd3 h4 21. a4 h3 22. g3 d4 23. Ba3 Qg7 24. Rae1 Nxa4 25. Bb4 Rh5 26. f4 Nb6 27. Bc5 Rhh8 28. Bxb6 cxb6 29. Bc4 Rhe8 30. Rb1 Qd7 31. Rb3 b5 32. Rfb1 b6 33. Qxb6 Qc7 34. Rxb5 Bxb5 35. Qxb5 Rd7 36. Qa6+ Kd8 37. Rb6 Qa7 38. Bb5 Qxa6 39. Rxa6 Kc7 40. Kf2 Rb8 41. Bxd7 Kxd7 42. Rd6+ Ke7 43. Rxd4 Rc8 44. c4 Ra8 45. Rd2 Ra3 46. Rc2 Kd7 47. g4 Rd3 48. Ra2 Rd4 49. Ra7+ Kc6 50. Ra6+ Kd7 51. Rd6+ Rxd6 52. exd6 Kxd6 53. Ke3 e5 54. fxe5+ Kxe5 55. c5 g5 56. c6 Kd6 57. c7 Kxc7 58. Ke4 Kd6 59. Kf5 1-0

[Event "IECG TE.2004.P.01507"]
[Site "IECG email"]
[Date "2004.06.17"]
[Round "?"]
[White "Groffen, Hans"]
[Black "Kirilloff, Victor"]
[Result "1-0"]
[WhiteElo "2048"]
[BlackElo "954"]
[PlyCount "73"]
[EventDate "2004.06.17"]
[EventType "tourn (corr)"]
[EventRounds "8"]
[SourceTitle "Corr 2008"]
[Source "ChessBase"]
[SourceDate "2008.06.24"]
[SourceVersion "1"]
[SourceVersionDate "2008.06.24"]
[SourceQuality "1"]

1. e4 e6 2. d4 d5 3. Nc3 Nf6 4. Bg5 Bb4 5. e5 h6 6. Be3 Ne4 7. Qg4 g6 8. a3 Bxc3+ 9. bxc3 c5 10. Bd3 h5 11. Qd1 Nxc3 12. Qd2 cxd4 13. Bxd4 Ne4 14. Bxe4 dxe4 15. Rd1 Nc6 16. Ne2 Nxd4 17. Nxd4 h4 18. Qb4 Qe7 19. Qb5+ Kf8 20. 0-0 h3 21. g3 b6 22. f3 Bb7 23. fxe4 Bxe4 24. Rf6 Kg8 25. Qe2 Bd5 26. c4 Bg2 27. Nxe6 Qxa3 28. Ng5 Rf8 29. Qf2 Qe7 30. Rxf7 Rxf7 31. Nxf7 Rh5 32. g4 Rh7 33. Rd8+ Kg7 34. e6 Qc5 35. Qxc5 bxc5 36. e7 Bc6 37. Ne5 1-0

[Event "IECG TE.2004.P.01507"]
[Site "IECG email"]
[Date "2004.06.17"]
[Round "?"]
[White "Kirilloff, Victor"]
[Black "Horton, Justin"]
[Result "0-1"]
[WhiteElo "954"]
[BlackElo "1877"]
[PlyCount "100"]
[EventDate "2004.06.17"]
[EventType "tourn (corr)"]
[EventRounds "8"]
[SourceTitle "Corr 2008"]
[Source "ChessBase"]
[SourceDate "2008.06.24"]
[SourceVersion "1"]
[SourceVersionDate "2008.06.24"]
[SourceQuality "1"]

1. e4 e6 2. d4 d5 3. Nc3 Nf6 4. Bg5 Bb4 5. e5 h6 6. Bd2 Bxc3 7. bxc3 Ne4 8. Qg4 g6 9. Bd3 Nxd2 10. Kxd2 c5 11. h4 Nc6 12. h5 g5 13. Bb5 cxd4 14. Bxc6+ bxc6 15. cxd4 Qa5+ 16. Kd1 0-0 17. Ne2 f5 18. Qf3 Ba6 19. Nc1 Bc4 20. Nb3 Bxb3 21. Qxb3 Rab8 22. Qe3 c5 23. Rh3 Rfc8 24. Qa3 Qb5 25. Ke1 cxd4 26. Rb3 Qc6 27. Qxa7 Rxb3 28. axb3 Qxc2 29. Qxd4 Qxb3 30. Kf1 Rc7 31. Qd2 Qc4+ 32. Kg1 Qg4 33. Qb2 Rc8 34. Qb7 Re8 35. Rc1 Qxh5 36. Rc7 Qg6 37. Qb1 g4 38. Qc1 Rf8 39. Re7 Rb8 40. Qc2 Ra8 41. Kf1 g3 42. Qc6 Ra1+ 43. Ke2 Ra2+ 44. Kf1 Ra1+ 45. Ke2 Qg4+ 46. f3 Ra2+ 47. Kf1 Qc4+ 48. Qxc4 dxc4 49. Rxe6 Rf2+ 50. Kg1 c3 0-1

[Event "IECG TE.2004.P.01507"]
[Site "IECG email"]
[Date "2004.06.17"]
[Round "?"]
[White "Kirilloff, Victor"]
[Black "Ling, Anthony J"]
[Result "0-1"]
[WhiteElo "954"]
[BlackElo "1742"]
[PlyCount "106"]
[EventDate "2004.06.17"]
[EventType "tourn (corr)"]
[EventRounds "8"]
[SourceTitle "Corr 2008"]
[Source "ChessBase"]
[SourceDate "2008.06.24"]
[SourceVersion "1"]
[SourceVersionDate "2008.06.24"]
[SourceQuality "1"]

1. e4 e6 2. d4 d5 3. Nc3 Nf6 4. Bg5 Bb4 5. e5 h6 6. Bd2 Bxc3 7. bxc3 Ne4 8. Qg4 g6 9. Bd3 Nxd2 10. Kxd2 c5 11. h4 Qa5 12. Ne2 Nc6 13. h5 g5 14. dxc5 Nxe5 15. Qd4 Qc7 16. f4 gxf4 17. Nxf4 Rg8 18. Rh3 Rg5 19. Re3 Bd7 20. Rae1 f6 21. Bg6+ Kd8 22. Bd3 Rc8 23. c4 Qa5+ 24. Kd1 Qxc5 25. Qxc5 Rxc5 26. cxd5 Nxd3 27. Rxd3 e5 28. Ne6+ Bxe6 29. dxe6+ Ke7 30. Re2 Kxe6 31. Red2 Rc7 32. Rd6+ Ke7 33. R6d3 Rxh5 34. Kc1 Rh1+ 35. Kb2 h5 36. Ra3 a6 37. Rf3 h4 38. Rdf2 Rc6 39. Rb3 b5 40. Rbf3 Kf7 41. a3 Kg6 42. Rf5 Re1 43. R5f3 e4 44. Rf4 e3 45. R2f3 Re6 46. Rg4+ Kf7 47. Rff4 Rg1 48. Re4 f5 49. Rg7+ Kxg7 50. Rxe6 f4 51. Re4 Rxg2 52. Rxf4 e2 53. Re4 h3 0-1

[Event "CFriend SL-2004-0-00019 email"]
[Site "Chessfriend.com"]
[Date "2004.05.18"]
[Round "?"]
[White "Kirilloff, Victor"]
[Black "Aleixandre, Pascal"]
[Result "1-0"]
[WhiteElo "960"]
[BlackElo "863"]
[PlyCount "45"]
[EventDate "2004.??.??"]
[EventType "tourn (corr)"]
[EventRounds "8"]
[SourceTitle "Corr 2008"]
[Source "ChessBase"]
[SourceDate "2008.06.24"]
[SourceVersion "1"]
[SourceVersionDate "2008.06.24"]
[SourceQuality "1"]

1. e4 c5 2. Nf3 e6 3. d4 cxd4 4. Nxd4 Nf6 5. Nc3 Nc6 6. f3 d6 7. Be3 Be7 8. Qd2 a6 9. 0-0-0 Nxd4 10. Qxd4 0-0 11. h4 b5 12. h5 h6 13. g4 Nd7 14. f4 e5 15. Qd2 exf4 16. Bxf4 Ne5 17. Be2 Nxg4 18. Rhg1 Nf2 19. Qd4 Bf6 20. Qxf2 Kh7 21. e5 Bg5 22. Bxg5 hxg5 23. Rxd6 1-0

[Event "CFriend SL-2004-0-00019 email"]
[Site "Chessfriend.com"]
[Date "2004.05.18"]
[Round "1"]
[White "Shah, Sehba"]
[Black "Kirilloff, Victor"]
[Result "0-1"]
[WhiteElo "1021"]
[BlackElo "1148"]
[PlyCount "86"]
[EventDate "2004.??.??"]
[EventType "tourn (corr)"]
[EventRounds "8"]
[SourceTitle "Corr 2008"]
[Source "ChessBase"]
[SourceDate "2008.06.24"]
[SourceVersion "1"]
[SourceVersionDate "2008.06.24"]
[SourceQuality "1"]

1. e4 e5 2. Nf3 Nf6 3. Nxe5 d6 4. Nf3 Nxe4 5. d4 d5 6. Bd3 Be7 7. 0-0 Nc6 8. c4 Bg4 9. cxd5 Qxd5 10. Nc3 Nxc3 11. bxc3 0-0 12. Re1 Bxf3 13. Qxf3 Qxf3 14. gxf3 Bd6 15. Bb2 Rfe8 16. Re4 g6 17. Rae1 Re7 18. Rxe7 Nxe7 19. c4 Kf8 20. Bc1 Nc6 21. Bh6+ Kg8 22. Be3 Re8 23. Be4 Nd8 24. c5 Bf8 25. Kf1 b6 26. Rc1 Ne6 27. cxb6 axb6 28. Bc6 Rd8 29. d5 Nc5 30. Bg5 Rc8 31. Re1 Bd6 32. h3 Kg7 33. Bh4 Nd3 34. Re2 Nf4 35. Re3 h6 36. Be7 Bxe7 37. Rxe7 Kf6 38. Re4 g5 39. Ke1 Rd8 40. Rc4 Nxh3 41. Kf1 Nf4 42. Rd4 h5 43. Rd2 Ke5 0-1

[Event "IECG CP.2001.P.00011"]
[Site "IECG email"]
[Date "2001.10.01"]
[Round "?"]
[White "Kirilloff, Victor"]
[Black "Deidun, Joseph Jr"]
[Result "0-1"]
[WhiteElo "876"]
[BlackElo "1950"]
[PlyCount "110"]
[EventDate "2001.10.01"]
[EventType "tourn (corr)"]
[EventRounds "6"]
[SourceTitle "Corr 2008"]
[Source "ChessBase"]
[SourceDate "2008.06.24"]
[SourceVersion "1"]
[SourceVersionDate "2008.06.24"]
[SourceQuality "1"]

1. e4 c6 2. d4 d5 3. Nc3 dxe4 4. Nxe4 Bf5 5. Ng3 Bg6 6. h4 h6 7. Nf3 Nd7 8. h5 Bh7 9. Bd3 Bxd3 10. Qxd3 Qc7 11. Bd2 Ngf6 12. 0-0-0 e6 13. Qe2 Be7 14. Ne5 Rd8 15. f4 0-0 16. Ng6 Rfe8 17. Nxe7+ Rxe7 18. c3 c5 19. Be3 c4 20. Qf3 Nb6 21. Ne4 Nxe4 22. Qxe4 Nd5 23. Bd2 Rd6 24. g4 Ra6 25. a3 Qd7 26. g5 f5 27. Qe5 Rb6 28. Rh2 Qa4 29. Be1 Kh7 30. Bh4 Nxc3 31. Rdh1 Na2+ 32. Kb1 Nc3+ 33. Ka1 Kg8 34. Rc2 hxg5 35. fxg5 Rb3 36. Qc5 Nd5 37. Rxc4 Qe8 38. Qc8 g6 39. h6 Kh7 40. Qc5 Qb8 41. Rc2 Qf4 42. Qxa7 Qe4 43. Rhh2 Rd3 44. Rc1 Qf4 45. Rhh1 b5 46. Qc5 Rc7 47. Rcf1 Qg4 48. Rfg1 Rh3 49. Qxb5 Qxh4 50. Rxh3 Qxh3 51. Qe8 Qe3 52. Rb1 Ra7 53. Qf8 Qb3 54. Qc5 Rb7 55. Qc8 Ne3 0-1

[Event "IECG CP.2001.P.00011"]
[Site "IECG email"]
[Date "2001.10.01"]
[Round "?"]
[White "Kirilloff, Victor"]
[Black "McDonald, Graham R"]
[Result "1/2-1/2"]
[WhiteElo "876"]
[BlackElo "1585"]
[PlyCount "90"]
[EventDate "2001.10.01"]
[EventType "tourn (corr)"]
[EventRounds "6"]
[SourceTitle "Corr 2008"]
[Source "ChessBase"]
[SourceDate "2008.06.24"]
[SourceVersion "1"]
[SourceVersionDate "2008.06.24"]
[SourceQuality "1"]

1. e4 e5 2. Nf3 Nc6 3. Bc4 Nf6 4. d4 exd4 5. 0-0 Bc5 6. e5 d5 7. exf6 dxc4 8. fxg7 Rg8 9. Bg5 Be7 10. Bxe7 Kxe7 11. Re1+ Be6 12. Re4 d3 13. Nbd2 Qd5 14. Rxc4 Rxg7 15. cxd3 Rag8 16. g3 Qxd3 17. Rc3 Qf5 18. Nb3 Rd8 19. Qe2 Kf8 20. Nc5 Bc8 21. Re1 Rg8 22. Qe3 Kg7 23. Ne4 Rd5 24. Rc4 f6 25. a3 Rgd8 26. Nh4 Qe5 27. Qc1 Qe7 28. f3 Re8 29. g4 h5 30. Ng2 Ne5 31. Rxc7 Bd7 32. Kh1 Nxf3 33. Nxf6 Qxf6 34. Rxe8 Qd6 35. Qc3+ Kf7 36. Qxf3+ Kxe8 37. Rc1 hxg4 38. Qe3+ Re5 39. Qf4 Qe7 40. Rf1 Bb5 41. Rf2 Bc6 42. Kg1 Bf3 43. b4 Qc7 44. Qh6 Qc3 45. Rd2 Qc1+ 1/2-1/2